[Event "RUS-ch Higher League 73rd"]
[Site "Sochi"]
[Date "2020.10.17"]
[Round "9"]
[White "Kardashevskiy, Evgeny"]
[Black "Sarana, Alexey"]
[Result "0-1"]
[WhiteElo "2449"]
[BlackElo "2657"]
[PlyCount "90"]
[EventDate "2020.10.08"]
[EventType "swiss"]
[EventRounds "9"]
[EventCountry "RUS"]
[SourceTitle "CBM 198 Extra"]
[Source "ChessBase"]
[SourceDate "2020.11.30"]
[SourceVersion "1"]
[SourceVersionDate "2020.11.30"]
[SourceQuality "1"]

1. d4 Nf6 2. Nf3 d5 3. c4 e6 4. Nc3 Be7 5. Bf4 0-0 6. e3 Nbd7 7. Be2 dxc4 8. 0-0 Nb6 9. Ne5 Nfd5 10. Bg3 c5 11. Nxc4 Nxc4 12. Bxc4 Nb6 13. Bb3 cxd4 14. exd4 Bf6 15. Be5 Bd7 16. Qh5 Bc6 17. Rad1 Qe7 18. Rd3 Rad8 19. Rh3 h6 20. Rg3 Bxe5 21. Qxe5 g6 22. Re1 Qd6 23. Qf6 Qxd4 24. Re5 Be4 25. Qf4 Bd3 26. Rg4 Qxf4 27. Rxf4 Kg7 28. Rb4 Rd6 29. Ra5 a6 30. Rc5 Nd7 31. Rc7 b6 32. Ne4 Bxe4 33. Rxe4 Nc5 34. Re1 Rfd8 35. Bc4 Rd2 36. b4 Nd3 37. Rb1 Rc2 38. Bxd3 Rxc7 39. Bxa6 Rd2 40. a4 Ra2 41. a5 bxa5 42. b5 Rac2 43. b6 Rc1+ 44. Bf1 Rxb1 45. bxc7 Rc1 0-1